MARC

LEADER 00000nam0a2200000 4500
001 248523
005 20231101232409.0
010 |a 5020014346 
020 |a RU  |b 88-60329 
035 |a (RuTPU)RU\TPU\book\270334 
090 |a 248523 
100 |a 20140123d1988 k a0rusy5003 ca 
101 0 |a rus 
102 |a RU 
105 |a y z 101zy 
200 1 |a VI Всесоюзная конференция по горению полимеров и созданию ограниченно горючих материалов, Суздаль, 29 ноября - 1 декабря, 1988 г.  |e тезисы докладов  |f Академия наук СССР (АН СССР), Институт синтетических полимерных материалов (ИСПМ) ; под ред. Т. П. Трифоновой 
210 |a Москва  |c Наука  |d 1988 
215 |a 199 с. 
320 |a Указ. авт.: с. 196-200. 
606 1 |a Полимеры  |x Свойства  |2 stltpush  |3 (RuTPU)RU\TPU\subj\70989  |9 85110 
610 1 |a огнестойкость 
610 1 |a антипирены 
610 1 |a конференции 
610 1 |a Суздаль 
610 1 |a горение 
610 1 |a пожарная опасность 
610 1 |a пиролиз 
610 1 |a ингибиторы 
610 1 |a токсические продукты 
610 1 |a применение 
675 |a 678.01(063)  |z rus 
702 1 |a Трифонова  |b Т. П.  |4 340 
712 0 2 |a Академия наук СССР (АН СССР)  |b Институт синтетических полимерных материалов (ИСПМ)  |c (Москва)  |2 stltpush  |3 (RuTPU)RU\TPU\col\9885 
712 1 2 |a Горение полимеров и создание ограниченно горючих материалов  |c конференция  |d VI  |e Суздаль  |f 1988 
801 0 |a RU  |b RuMRKP  |c 19950417  |g psbo 
801 1 |a RU  |b 63413507  |c 20140123 
801 2 |a RU  |b 63413507  |c 20140131  |g RCR 
942 |c BK